Waterfowl of Maine by Picture - Statistics

General Stats
  • This quiz has been taken 67 times
  • The average score is 15 of 24
Answer Stats
Picture Answer % Correct
Mallard
100%
Canada Goose
88%
Common Loon
86%
Green-winged Teal
83%
Common Goldeneye
74%
Snow Goose
71%
Common Eider
69%
Common Merganser
69%
Northern Pintail
69%
Northern Shoveler
64%
Redhead
64%
American Wigeon
62%
Wood Duck
62%
Ruddy Duck
60%
Brant
57%
Canvasback
57%
Greater Scaup
57%
Red-breasted Merganser
57%
Gadwall
55%
Lesser Scaup
55%
Ring-necked Duck
55%
Barrow's Goldeneye
52%
White-fronted Goose
40%
Fulvous Whistling-Duck
36%
No matching quizzes found
Score Distribution
Percent of People with Each Score
Percentile by Number Answered
Your Score History
You have not taken this quiz